Imunoprofylaxia besnoty voľne žijúcich mäsožravcov (Carnivora)

Podrobná bibliografia
Médium: Článok
Jazyk:slovenčina
PhysicalDescription:Tab. 6, res. angl.
ISSN:1335-0099
Predmet:

MARC

LEADER 00000nab a2200000 a 4500
001 vtls000545856
003 SK-MaSNL
005 20260304090827.0
008 250425c1994 xo 0 slo
015 |a SNBRB19rr/mm-uuuuu 
035 |a CL0545994 
035 |a urn:nbn:sk:snk-abdwm 
035 |a (urnnbn)urn:nbn:sk:snk:ar-a03s5a 
035 |a (uuid)4032e1a7-68e7-43f7-989e-5cc84c95b194 
040 |a SNKBUCL  |b slo  |c SNKBUCL  |e AACR2 
041 0 |a slo 
044 |a xo  |c SK 
080 |a 619:599.74:616.988.21:615.371  |2 1981 
080 |a 599.74  |2 1981 
080 |a 616.988.21  |2 1981 
080 |a 615.371  |2 1981 
245 0 0 |a Imunoprofylaxia besnoty voľne žijúcich mäsožravcov (Carnivora) 
300 |b Tab. 6, res. angl. 
650 0 7 |a mäsožravce  |2 snkbucl  |9 22754 
650 0 7 |a besnota  |2 snkbucl  |9 16570 
650 0 7 |a imunoprofylaxia  |2 snkbucl  |9 899481 
655 7 |a články z novín a časopisov  |2 snkbucl  |9 267496 
773 0 |t Slovenský veterinársky časopis  |g Roč. 19, č. 2 (1994), s. 50-55  |x 1335-0099 
850 |a Slovenská národná knižnica 
852 |a Slovenská národná knižnica 
954 |a odborná, vedecká literatúra pôvodná (slovenská)  |2 lita 
958 |a article27 
958 |a RK 
958 |a MI 
958 |a NB 
958 |a OND 
958 |a EUIPO 
992 |a RBX 
999 |c 2812913  |d 2814843